| 000 | 01029nam a22002775i 4500 | ||
|---|---|---|---|
| 001 | 162624 | ||
| 003 | ES-MaACL | ||
| 005 | 20251003150852.0 | ||
| 008 | 041123s1862 fr |||| | fre d | ||
| 040 |
_aCAM _bspa _cCAM |
||
| 100 | 1 |
_aProtin, P.O. _9131388 |
|
| 245 | 1 | 4 |
_aLes économistes appréciés ou Nécessité de la protection / _cpar P.-O. Protin. |
| 260 |
_aParis : _bE. Dentu, Liraire-éditeur, _c1862 ( _fImprimerie de L. Tinterlin et C.) |
||
| 300 |
_a269, [1] p. ; _c18 cm. |
||
| 505 | 8 | _aContiene, según consta en port.: Cobden, Michel Chevalier, Carey, Du Mesnil-Marigny | |
| 600 | 1 | 4 |
_aCobden, Richard, _d1804-1865 _939338 |
| 600 | 1 | 4 |
_aChevalier, Michel. _938420 |
| 600 | 1 | 4 |
_aCarey, Henry-Charles. _9126334 |
| 600 | 1 | 4 |
_aDu Mesnil-Marigny, Jules. _945713 |
| 650 | 0 | 7 |
_aEconomía _2embne _912006 |
| 740 | 0 | 1 | _aNecessité de la protection. |
| 852 |
_aES-MaACL _jD-1995 _z-- Enc. hol. |
||
| 852 |
_aES-MaACL _jD-1036 _z-- Rúst. |
||
| 852 |
_aES-MaACL _jG-11130 _z-- Enc. hol. |
||
| 999 |
_c162624 _d162624 |
||